00316nam a2200133Ia 4500008004100000020001500041041001200056082001100068100001300079245004100092260002500133300000800158650001600166221030s9999 xx 000 0 und d a0070531412 aEnglish a105.23 aP. Hanna 0aJ S P 2 . 0 : The Complete Reference bTMHaNew Delhic2007 a852 aBE Computer